[Event "Titled Tuesday intern op 29th Nov Late"]
[Site "Chess.com INT"]
[Date "2022.11.29"]
[Round "2"]
[White "Kobo, Ori"]
[Black "Zhang, Derek"]
[Result "1-0"]
[WhiteElo "2554"]
[BlackElo "2187"]
[PlyCount "89"]
[EventDate "2022.11.29"]
[EventType "swiss (blitz)"]
[EventRounds "11"]
[EventCountry "USA"]
[SourceTitle "EXT 2024"]
[Source "ChessBase"]
[SourceDate "2023.10.10"]
[SourceVersion "1"]
[SourceVersionDate "2023.10.10"]
[SourceQuality "1"]

1. Nf3 d6 2. d4 f5 3. g3 Nf6 4. Bg2 g6 5. 0-0 Bg7 6. c4 0-0 7. b4 c6 8. Bb2 h6 9. Qb3 Kh7 10. Nbd2 Nbd7 11. Rfd1 Qc7 12. Rac1 e5 13. dxe5 Nxe5 14. c5 Nxf3+ 15. Nxf3 d5 16. Be5 Qf7 17. Nd4 a6 18. h3 Re8 19. f4 Ne4 20. Bxg7 Qxg7 21. Kh2 g5 22. fxg5 hxg5 23. Qf3 Rf8 24. e3 Bd7 25. Qh5+ Qh6 26. Qxh6+ Kxh6 27. Bxe4 fxe4 28. Rf1 g4 29. h4 Kg7 30. a4 Rae8 31. Kg2 Rf3 32. Nxf3 exf3+ 33. Kf2 Re4 34. Rb1 Bf5 35. Rfd1 Rc4 36. Rb2 Rc3 37. Rdd2 Kf6 38. b5 axb5 39. axb5 Bd3 40. bxc6 bxc6 41. Rb6 Bb5 42. Rb8 Rxc5 43. Rg8 Rc4 44. h5 Kf7 45. Rg5 1-0

[Event "Titled Tuesday intern op 15th Nov Late"]
[Site "Chess.com INT"]
[Date "2022.11.15"]
[Round "3"]
[White "Gerbelli Neto, Eduardo"]
[Black "Zhang, Derek"]
[Result "1/2-1/2"]
[WhiteElo "2114"]
[BlackElo "2187"]
[PlyCount "160"]
[EventDate "2022.11.15"]
[EventType "swiss (blitz)"]
[EventRounds "11"]
[EventCountry "USA"]
[SourceTitle "CBM 211 Extra"]
[Source "ChessBase"]
[SourceDate "2023.01.31"]
[SourceVersion "1"]
[SourceVersionDate "2023.01.31"]
[SourceQuality "1"]

1. e4 e6 2. d4 d5 3. Nc3 Bb4 4. Qd3 Bxc3+ 5. bxc3 dxe4 6. Qxe4 Nf6 7. Qh4 h6 8. Bd3 Nbd7 9. Nf3 b6 10. Qg3 Bb7 11. Qxg7 Rg8 12. Qxh6 Rxg2 13. Be2 Qe7 14. Bg5 0-0-0 15. Kf1 Rg4 16. h3 Rxg5 17. Qxg5 Rg8 18. Qh4 Qf8 19. Rg1 Rh8 20. Qg3 Ne4 21. Qh2 Nxc3 22. Ne5 Nf6 23. Bd3 Nce4 24. Qf4 Rxh3 25. Bxe4 Nxe4 26. Qxf7 Qxf7 27. Nxf7 Rf3 28. Rg8+ Kd7 29. Ne5+ Kd6 30. Nxf3 Nf6 31. Rg6 Nh5 32. Ne5 Nf4 33. Rg7 Kd5 34. Rd7+ Ke4 35. Re1+ Kf5 36. Rxc7 Ba6+ 37. Kg1 Nh3+ 38. Kg2 Nf4+ 39. Kf3 Nh3 40. Rf7+ Kg5 41. Rg1+ Nxg1+ 42. Kg2 Ne2 43. Rxa7 Bb5 44. Rb7 Nxd4 45. Rxb6 Kf5 46. Nd3 Bc4 47. a4 Nxc2 48. Nb4 Nd4 49. a5 Be2 50. a6 Kg4 51. a7 Bf3+ 52. Kf1 Be2+ 53. Ke1 Bf3 54. Nc6 Nxc6 55. a8Q Ne5 56. Rb4+ Kf5 57. Qf8+ Kg6 58. Qf4 Nd3+ 59. Kd2 Nxf4 60. Rxf4 Bd5 61. Ke3 Kg5 62. Rf8 Kg6 63. f4 Kg7 64. Rc8 Kf6 65. Rc7 Kf5 66. Rf7+ Kg6 67. Rf8 Kg7 68. Rd8 Kf6 69. Rh8 Kf5 70. Rh5+ Kf6 71. Rg5 Bc6 72. Kd4 Be8 73. Ra5 Bg6 74. Ra6 Bf7 75. Ke4 Be8 76. f5 Bf7 77. Kf4 Bg8 78. Rd6 Ke7 79. Rxe6+ Bxe6 80. fxe6 Kxe6 1/2-1/2

[Event "Titled Tuesday intern op 08th Nov Late"]
[Site "Chess.com INT"]
[Date "2022.11.08"]
[Round "1"]
[White "Andreikin, Dmitry"]
[Black "Zhang, Derek"]
[Result "1-0"]
[WhiteElo "2729"]
[BlackElo "2187"]
[PlyCount "79"]
[EventDate "2022.11.08"]
[EventType "swiss (blitz)"]
[EventRounds "11"]
[EventCountry "USA"]
[SourceTitle "EXT 2024"]
[Source "ChessBase"]
[SourceDate "2023.10.10"]
[SourceVersion "1"]
[SourceVersionDate "2023.10.10"]
[SourceQuality "1"]

1. e4 e6 2. d4 d5 3. Nc3 Bb4 4. e5 c5 5. a3 Bxc3+ 6. bxc3 Qa5 7. Bd2 Ne7 8. h4 Nbc6 9. h5 h6 10. Qg4 Nf5 11. Bd3 Nce7 12. Qf4 c4 13. Be2 Nc6 14. Nf3 Bd7 15. g4 Nfe7 16. Nh4 Rg8 17. a4 0-0-0 18. f3 Rdf8 19. Qg3 f6 20. exf6 Rxf6 21. f4 Rgf8 22. Nf3 Kb8 23. Ne5 Bc8 24. Ng6 Nxg6 25. f5+ Ka8 26. fxg6 Re8 27. g5 hxg5 28. Qxg5 e5 29. h6 Rf5 30. Qg2 gxh6 31. g7 Rg8 32. Rxh6 exd4 33. Rh8 Qd8 34. Rxg8 Qxg8 35. 0-0-0 Rf7 36. Rg1 Ne7 37. cxd4 Nf5 38. Qxd5 Nxg7 39. Bxc4 Be6 40. Qxe6 1-0

[Event "Titled Tuesday intern op 03rd May Late"]
[Site "Chess.com INT"]
[Date "2022.05.03"]
[Round "1"]
[White "Zhang, Derek"]
[Black "Castillo Pena, Patricia Evarista"]
[Result "1-0"]
[WhiteElo "2187"]
[BlackElo "1788"]
[PlyCount "39"]
[EventDate "2022.05.03"]
[EventType "swiss (blitz)"]
[EventRounds "11"]
[EventCountry "USA"]
[SourceTitle "CBM 208 Extra"]
[Source "ChessBase"]
[SourceDate "2022.07.31"]
[SourceVersion "1"]
[SourceVersionDate "2022.07.31"]
[SourceQuality "1"]

1. f4 d5 2. Nf3 c5 3. e3 Nc6 4. b3 Nf6 5. Bb2 Bg4 6. Bb5 Rc8 7. 0-0 e6 8. d3 Bd6 9. Nbd2 0-0 10. Bxc6 Rxc6 11. Qe1 b5 12. Qg3 Bxf3 13. Nxf3 c4 14. Nd4 Rb6 15. Rae1 Qc7 16. Nxb5 Rxb5 17. Bxf6 g6 18. Qg5 Rc8 19. dxc4 dxc4 20. Qxb5 1-0

[Event "Titled Tuesday intern op 03rd May Late"]
[Site "Chess.com INT"]
[Date "2022.05.03"]
[Round "8"]
[White "Zhang, Derek"]
[Black "Hambleton, Aman"]
[Result "0-1"]
[WhiteElo "2187"]
[BlackElo "2454"]
[PlyCount "130"]
[EventDate "2022.05.03"]
[EventType "swiss (blitz)"]
[EventRounds "11"]
[EventCountry "USA"]
[SourceTitle "CBM 208 Extra"]
[Source "ChessBase"]
[SourceDate "2022.07.31"]
[SourceVersion "1"]
[SourceVersionDate "2022.07.31"]
[SourceQuality "1"]

1. Nf3 b6 2. c4 Bb7 3. e3 c5 4. Be2 Nf6 5. 0-0 e6 6. Nc3 d6 7. b3 Be7 8. Bb2 0-0 9. d4 a6 10. Rc1 Nbd7 11. Qd2 Re8 12. Rfd1 cxd4 13. exd4 Bf8 14. h3 Rc8 15. Qe3 Qc7 16. Ng5 Qb8 17. Bf3 b5 18. Be2 bxc4 19. Bxc4 h6 20. Nf3 Bxf3 21. Qxf3 Rxc4 22. bxc4 Qxb2 23. Rb1 Qa3 24. Rb3 Qa5 25. Qc6 Rd8 26. Rdb1 e5 27. Ne2 exd4 28. Nxd4 Ne5 29. Qb7 Qxa2 30. Qb6 Rc8 31. R1b2 Qa1+ 32. Rb1 Qa2 33. R1b2 Qa4 34. Rb4 Qd1+ 35. Kh2 Nxc4 36. Qb7 Rc5 37. Nb3 Nxb2 38. Nxc5 dxc5 39. Rxb2 Qd6+ 40. g3 Qd4 41. Ra2 Qd5 42. Qxd5 Nxd5 43. Rxa6 g6 44. Rc6 Kg7 45. Kg2 Nb4 46. Rc7 Nd5 47. Rc6 Nf6 48. f3 Nd7 49. Rc7 Ne5 50. Rc8 Nd3 51. f4 Nb4 52. Kf3 Nd5 53. Ke4 Nf6+ 54. Kf3 h5 55. g4 hxg4+ 56. hxg4 Ng8 57. f5 gxf5 58. gxf5 Nf6 59. Kf4 Bd6+ 60. Kf3 Nd7 61. Rc6 Ne5+ 62. Ke4 Nxc6 63. Kd5 Kf6 64. Kxc6 c4 65. Kxd6 c3 0-1

[Event "Titled Tuesday intern op 03rd May Late"]
[Site "Chess.com INT"]
[Date "2022.05.03"]
[Round "4"]
[White "Zhang, Derek"]
[Black "Tristan, Leonardo"]
[Result "0-1"]
[WhiteElo "2187"]
[BlackElo "2553"]
[PlyCount "142"]
[EventDate "2022.05.03"]
[EventType "swiss (blitz)"]
[EventRounds "11"]
[EventCountry "USA"]
[SourceTitle "CBM 208 Extra"]
[Source "ChessBase"]
[SourceDate "2022.07.31"]
[SourceVersion "1"]
[SourceVersionDate "2022.07.31"]
[SourceQuality "1"]

1. Nf3 d5 2. c4 e6 3. e3 Nf6 4. Nc3 c5 5. cxd5 exd5 6. d4 Nc6 7. Be2 cxd4 8. Nxd4 Bd6 9. 0-0 0-0 10. b3 Bc7 11. Bb2 Qd6 12. g3 a6 13. Bf3 Bh3 14. Re1 Rad8 15. Rc1 Bb6 16. Nce2 Ne5 17. Bh1 Ba5 18. Bc3 Bxc3 19. Rxc3 Rfe8 20. Nf4 Bg4 21. f3 Bc8 22. Bg2 h5 23. h4 Ng6 24. Bf1 Nxf4 25. exf4 Qb6 26. Rce3 Rxe3 27. Rxe3 Qa5 28. Re2 Bd7 29. Qd2 Qb6 30. Kg2 Rc8 31. Re3 Rc5 32. Rc3 Qa5 33. Rd3 Qc7 34. Re3 a5 35. Bd3 b5 36. Re2 b4 37. Qd1 Rc3 38. Rc2 Qc5 39. Ne2 Rxc2 40. Bxc2 Bb5 41. Nd4 Ba6 42. Qd2 g6 43. Kf2 Kg7 44. Ke3 Ne8 45. Bd3 Nd6 46. Bxa6 Nf5+ 47. Kf2 Nxd4 48. Kg2 Qc3 49. Qf2 Nc2 50. Qe2 Ne3+ 51. Kf2 d4 52. Bd3 Qc1 53. Be4 Qh1 54. Qd3 Qh2+ 55. Ke1 Qxg3+ 56. Kd2 Qf2+ 57. Kc1 Qe1+ 58. Kb2 Qc3+ 59. Kb1 Qxd3+ 60. Bxd3 Ng2 61. Be4 Nxh4 62. a3 Ng2 63. axb4 axb4 64. f5 Nf4 65. Kc2 h4 66. fxg6 fxg6 67. Bd3 Nxd3 68. Kxd3 h3 69. Kxd4 h2 70. Kc4 h1Q 71. Kxb4 Qxf3 0-1

[Event "Titled Tuesday intern op 24th Aug"]
[Site "Chess.com INT"]
[Date "2021.08.24"]
[Round "2"]
[White "Kanyamarala, Trisha"]
[Black "Zhang, Derek"]
[Result "0-1"]
[WhiteElo "2180"]
[BlackElo "2187"]
[PlyCount "50"]
[EventDate "2021.08.24"]
[EventType "swiss (blitz)"]
[EventRounds "11"]
[EventCountry "USA"]
[SourceTitle "EXT 2022"]
[Source "ChessBase"]
[SourceDate "2021.10.06"]
[SourceVersion "1"]
[SourceVersionDate "2021.10.06"]
[SourceQuality "1"]

1. c4 d6 2. Nc3 e5 3. d3 f5 4. g3 Nf6 5. Bg2 Be7 6. Nf3 0-0 7. 0-0 c6 8. Rb1 a5 9. a3 Qe8 10. b4 axb4 11. axb4 Qh5 12. b5 f4 13. Qc2 Bh3 14. Re1 fxg3 15. hxg3 Ng4 16. Bb2 Nd7 17. bxc6 bxc6 18. Ne4 Kh8 19. d4 d5 20. cxd5 cxd5 21. Ned2 e4 22. Nxe4 dxe4 23. Qxe4 Bb4 24. Red1 Rae8 25. Qc2 Bxg2 0-1

[Event "Titled Tuesday intern op 24th Aug"]
[Site "Chess.com INT"]
[Date "2021.08.24"]
[Round "10"]
[White "Karavaeva, Olga"]
[Black "Zhang, Derek"]
[Result "0-1"]
[WhiteElo "2260"]
[BlackElo "2187"]
[PlyCount "48"]
[EventDate "2021.08.24"]
[EventType "swiss (blitz)"]
[EventRounds "11"]
[EventCountry "USA"]
[SourceTitle "EXT 2022"]
[Source "ChessBase"]
[SourceDate "2021.10.06"]
[SourceVersion "1"]
[SourceVersionDate "2021.10.06"]
[SourceQuality "1"]

1. c4 d6 2. g3 e5 3. Bg2 f5 4. Nc3 Nf6 5. d3 Be7 6. e3 0-0 7. Nge2 Qe8 8. Bd2 c6 9. Qc2 Qh5 10. h4 Be6 11. b3 Nbd7 12. d4 Rac8 13. dxe5 dxe5 14. 0-0-0 b5 15. Nb1 bxc4 16. bxc4 Nb6 17. Bc3 Nxc4 18. Rd3 Ne4 19. Rf1 Rb8 20. f3 Nc5 21. Rfd1 Nxd3+ 22. Rxd3 Qf7 23. Kd1 Rfd8 24. Nc1 Nxe3+ 0-1